[Event "V Floripa Chess Open 2019"]
[Site "Florianopolis/SC"]
[Date "2019.01.26"]
[Round "8.119"]
[White "Wilberger, Marcelo"]
[Black "Klein, Luan Carlos"]
[Result "1-0"]
[WhiteElo "1617"]
[BlackElo "1875"]
[PlyCount "63"]
[EventDate "2019.01.21"]
[EventRounds "10"]
[EventCountry "BRA"]

1. d4 d5 2. Nf3 Nf6 3. g3 e6 4. Bg2 Be7 5. O-O O-O 6. c4 b6 7. cxd5 Nxd5 8. e4 Nf6 9. Qc2 h6 10. Rd1 Bb7 11. Nc3 Nbd7 12. d5 exd5 13. exd5 Bb4 14. Nd4 Bxc3 15. bxc3 Nxd5 16. Nf5 c6 17. Nd6 Qc7 18. Ba3 Rfd8 19. c4 N5f6 20. Rab1 Nf8 21. Qa4 a6 22. Nxb7 b5 23. Rxd8 Rxd8 24. Qxa6 Rd2 25. Qxc6 Qe5 26. Bxf8 Qf5 27. Rf1 Ng4 28. Bc5 Qh5 29. h3 Ne5 30. Qc8+ Kh7 31. Be3 Rxa2 32. cxb5 1-0

[Event "V Floripa Chess Open 2019"]
[Site "Florianopolis/SC"]
[Date "2019.01.26"]
[Round "8.120"]
[White "Bernardes, Roberto Carlos Stru"]
[Black "Boabaid, Jorge Alberto Duard"]
[Result "0-1"]
[WhiteElo "1616"]
[BlackElo "1868"]
[PlyCount "76"]
[EventDate "2019.01.21"]
[EventRounds "10"]
[EventCountry "BRA"]

1. e4 c5 2. Nf3 d6 3. Bb5+ Bd7 4. Bxd7+ Qxd7 5. c4 g6 6. Nc3 Bg7 7. d4 cxd4 8. Nxd4 Nc6 9. Be3 Nf6 10. O-O Ng4 11. Qd2 Nxe3 12. fxe3 Ne5 13. b3 O-O 14. h3 e6 15. Rad1 Rfd8 16. Nf3 a6 17. Nxe5 Bxe5 18. Ne2 Qc6 19. Qc2 Qc5 20. Rf3 Rac8 21. Nc1 Qc6 22. Ne2 b5 23. Nd4 Qc5 24. Rc1 d5 25. exd5 exd5 26. Qd3 dxc4 27. bxc4 bxc4 28. Qf1 Bxd4 29. exd4 Qxd4+ 30. Kh1 c3 31. Rxf7 Rf8 32. Rxf8+ Rxf8 33. Qxa6 c2 34. Qe6+ Kh8 35. Qe1 Rf2 36. Qe8+ Kg7 37. Qe7+ Kh6 38. g4 Qd5+ 0-1

[Event "V Floripa Chess Open 2019"]
[Site "Florianopolis/SC"]
[Date "2019.01.26"]
[Round "8.121"]
[White "Silva, Fernando So Barros "]
[Black "Sato, Leticia Miho"]
[Result "1/2-1/2"]
[WhiteElo "1867"]
[BlackElo "1613"]
[PlyCount "46"]
[EventDate "2019.01.21"]
[EventRounds "10"]
[EventCountry "BRA"]

1. Nf3 d5 2. d4 Nf6 3. c4 e6 4. Nc3 Be7 5. Qc2 Nbd7 6. e4 dxe4 7. Nxe4 Nxe4 8. Qxe4 Nf6 9. Qc2 O-O 10. Bd3 b6 11. Be3 Bb7 12. O-O-O b5 13. c5 Bd5 14. Ne5 b4 15. Rhg1 Rb8 16. b3 Re8 17. g4 g6 18. Rg3 Bf8 19. Bg5 a5 20. Bxf6 Qxf6 21. Nd7 Bh6+ 22. Kb1 Qf4 23. Nxb8 Rxb8 1/2-1/2

[Event "V Floripa Chess Open 2019"]
[Site "Florianopolis/SC"]
[Date "2019.01.26"]
[Round "8.122"]
[White "Rodrigues Mota, Romulo Cardoso S"]
[Black "Felix, Raimundo Nascimento"]
[Result "0-1"]
[WhiteElo "1494"]
[BlackElo "1859"]
[PlyCount "48"]
[EventDate "2019.01.21"]
[EventRounds "10"]
[EventCountry "BRA"]

1. e4 c5 2. Nf3 d6 3. d4 cxd4 4. Nxd4 Nf6 5. Nc3 g6 6. Be3 Bg7 7. g3 Nc6 8. Qd2 O-O 9. O-O-O d5 10. Qe1 e5 11. Nxc6 bxc6 12. Bc5 Re8 13. h4 Qa5 14. Ba3 Rb8 15. g4 dxe4 16. Nxe4 Qa4 17. Nxf6+ Bxf6 18. g5 Bg7 19. Qe4 Qa5 20. h5 Bf5 21. Qh4 e4 22. hxg6 Bxg6 23. Bc4 Bf5 24. Rhf1 e3 0-1

[Event "V Floripa Chess Open 2019"]
[Site "Florianopolis/SC"]
[Date "2019.01.26"]
[Round "8.123"]
[White "Conrado, Carlos Alberto"]
[Black "Silva, Janderson Rossi Da"]
[Result "0-1"]
[WhiteElo "1421"]
[BlackElo "1850"]
[PlyCount "44"]
[EventDate "2019.01.21"]
[EventRounds "10"]
[EventCountry "BRA"]

1. d4 Nf6 2. c4 e6 3. Nc3 Bb4 4. Nf3 O-O 5. e3 d5 6. Bd3 dxc4 7. Bxc4 b6 8. O-O Bb7 9. Bd3 c5 10. dxc5 Bxc5 11. Qc2 Nc6 12. a3 Rc8 13. Rd1 Qe7 14. e4 Ng4 15. Rf1 Nd4 16. Nxd4 Bxd4 17. Qe2 Qh4 18. h3 Ne5 19. Nb5 Ba6 20. Rd1 Bxf2+ 21. Kh1 Nxd3 22. Qxd3 Rfd8 0-1

[Event "V Floripa Chess Open 2019"]
[Site "Florianopolis/SC"]
[Date "2019.01.26"]
[Round "8.124"]
[White "Alves, Josue Pires"]
[Black "Kikuchi Cadilhac, Mariana Sawae"]
[Result "0-1"]
[WhiteElo "1841"]
[BlackElo "1610"]
[PlyCount "120"]
[EventDate "2019.01.21"]
[EventRounds "10"]
[EventCountry "BRA"]

1. e4 e5 2. d4 exd4 3. Nf3 Nc6 4. c3 dxc3 5. Bc4 Bb4 6. O-O Nge7 7. Ng5 Ne5 8. Nxf7 Nxf7 9. Bxf7+ Kxf7 10. Qb3+ d5 11. Qxb4 c2 12. Nd2 Rf8 13. Qb3 Kg8 14. exd5 Qxd5 15. Qxc2 Nc6 16. Qc4 Qxc4 17. Nxc4 Be6 18. Na3 a6 19. Be3 Rad8 20. b3 Rf5 21. Rac1 Rd7 22. Nc4 Nb4 23. a3 Nd5 24. Rfd1 Rdf7 25. Bd4 Nf4 26. Kf1 Rh5 27. g3 Bh3+ 28. Ke1 Re7+ 29. Be3 Ng2+ 30. Ke2 Nxe3 31. Nxe3 Bg4+ 32. Kf1 Bxd1 33. Rxd1 c6 34. Kg2 Rhe5 35. Rd8+ Kf7 36. Nc4 Rd5 37. Rb8 Ke6 38. f4 Kf5 39. Rf8+ Ke4 40. Ne5 Kd4 41. Rc8 Kc3 42. b4 Kb3 43. Rh8 h6 44. Rg8 Kxa3 45. Rb8 Rb5 46. Nc4+ Kb3 47. Nd6 Rxb4 48. Nf5 Rf7 49. Nd6 Rd7 50. Nf5 a5 51. Rg8 a4 52. Nxg7 a3 53. Ne6 Rd5 54. f5 Rxf5 55. Rd8 a2 56. Rd1 Kc2 57. Rg1 c5 58. g4 Re5 59. Ng7 Rxg4+ 60. Kf2 Rxg1 0-1

[Event "V Floripa Chess Open 2019"]
[Site "Florianopolis/SC"]
[Date "2019.01.26"]
[Round "8.125"]
[White "Fernandez, Tatiane Cristina Co"]
[Black "Salvadego, Erika Giovana De O."]
[Result "1-0"]
[WhiteElo "1835"]
[BlackElo "1603"]
[PlyCount "59"]
[EventDate "2019.01.21"]
[EventRounds "10"]
[EventCountry "BRA"]

1. e4 e6 2. Nf3 d5 3. Nc3 Nf6 4. e5 Nfd7 5. d4 c5 6. dxc5 Bxc5 7. Bd3 Nc6 8. Bf4 O-O 9. Bxh7+ Kh8 10. Bd3 g6 11. O-O Kg7 12. Qd2 Rh8 13. Bg5 Be7 14. Bxe7 Qxe7 15. Rfe1 b6 16. a3 Bb7 17. Rad1 Rh5 18. Qf4 Rah8 19. Nb1 Qd8 20. g4 R5h6 21. Nbd2 Qe7 22. c4 dxc4 23. Bxc4 Na5 24. Bb5 a6 25. Bxd7 Qxd7 26. Qf6+ Kg8 27. Ne4 Bd5 28. Neg5 Nc6 29. Rxd5 exd5 30. e6 1-0

[Event "V Floripa Chess Open 2019"]
[Site "Florianopolis/SC"]
[Date "2019.01.26"]
[Round "8.126"]
[White "Andrade, Leo Pasqualini De"]
[Black "Rosa, Gabriel Redon"]
[Result "1-0"]
[WhiteElo "1828"]
[BlackElo "1469"]
[PlyCount "83"]
[EventDate "2019.01.21"]
[EventRounds "10"]
[EventCountry "BRA"]

1. Nc3 d5 2. d4 Nf6 3. e4 e6 4. Bg5 Be7 5. e5 Nfd7 6. h4 Nc6 7. Nf3 Nb6 8. Rh3 Bd7 9. Rg3 g6 10. Qd2 f6 11. exf6 Bxf6 12. O-O-O Bxg5 13. Nxg5 h6 14. Qd3 Rg8 15. Nh7 Qxh4 16. Rxg6 O-O-O 17. g3 Qe7 18. Rxh6 Qg7 19. Rh4 Rh8 20. g4 Nb4 21. Qh3 Rde8 22. a3 Na6 23. Bd3 c5 24. Nb5 Bxb5 25. Bxb5 Re7 26. Rh1 Qxd4 27. g5 Qxf2 28. g6 Nc7 29. Bd3 c4 30. Rf1 Qc5 31. Be2 Nb5 32. g7 Rxg7 33. Qxe6+ Nd7 34. Bg4 Rhxh7 35. Rxh7 Rxh7 36. Qg8+ Kc7 37. Qxh7 Qe3+ 38. Kb1 Qe8 39. Bxd7 Qe5 40. Bxb5+ Kb6 41. Bxc4 dxc4 42. Qg6+ 1-0

[Event "V Floripa Chess Open 2019"]
[Site "Florianopolis/SC"]
[Date "2019.01.26"]
[Round "8.127"]
[White "Brandao, Murilo Tavares"]
[Black "Nunes, Agatha Hurba"]
[Result "0-1"]
[WhiteElo "1341"]
[BlackElo "1822"]
[PlyCount "134"]
[EventDate "2019.01.21"]
[EventRounds "10"]
[EventCountry "BRA"]

1. Nf3 e6 2. c4 f5 3. g3 Nf6 4. Bg2 d5 5. O-O Bd6 6. d3 O-O 7. b3 c6 8. Ba3 Bxa3 9. Nxa3 Qe7 10. Qc1 e5 11. cxd5 Nxd5 12. Nc4 e4 13. dxe4 fxe4 14. Nd4 Nd7 15. Ne3 N7f6 16. Qc4 Kh8 17. Nxd5 Nxd5 18. e3 Bg4 19. Ne2 b5 20. Qc2 Nb4 21. Qb2 Nd3 22. Qc2 Nxf2 23. Rab1 Nd3 24. Nf4 Nxf4 25. gxf4 Rf6 26. Qxe4 Re6 27. Qd4 Rd8 28. Qc3 Rxe3 29. Qa5 Re2 30. Rbe1 Re8 31. Rxe2 Bxe2 32. Re1 Qe3+ 33. Kh1 Qxf4 34. Qc3 Bh5 35. Rf1 Qc7 36. Qc5 Bf7 37. Qxc6 Qxc6 38. Bxc6 Rf8 39. Bxb5 Bd5+ 40. Kg1 Rc8 41. Bc4 Bxc4 42. bxc4 Kg8 43. Rf4 g5 44. Re4 Kf7 45. Kf2 h5 46. Ke3 Kf6 47. Rd4 h4 48. Rd6+ Kf5 49. Rd5+ Kg4 50. c5 h3 51. Kd4 Kf4 52. Kc4 g4 53. Rd3 Ke4 54. Rg3 Kf4 55. Kd5 Rd8+ 56. Kc6 Rd2 57. Kb7 Rxh2 58. Rc3 Rb2+ 59. Ka8 h2 60. Rc1 Rc2 61. Rxc2 h1=Q+ 62. c6 Qh8+ 63. Kxa7 Qh7+ 64. c7 Qxc2 65. Kb8 Qb2+ 66. Kc8 Qxa2 67. Kb8 Qc4 0-1

[Event "V Floripa Chess Open 2019"]
[Site "Florianopolis/SC"]
[Date "2019.01.26"]
[Round "8.130"]
[White "Dummer, Micael Schwenske"]
[Black "Marques Junior, Marcos Antonio"]
[Result "0-1"]
[WhiteElo "1800"]
[BlackElo "1773"]
[PlyCount "32"]
[EventDate "2019.01.21"]
[EventRounds "10"]
[EventCountry "BRA"]

1. e4 e5 2. f4 Bc5 3. Qh5 d6 4. fxe5 g6 5. Qf3 dxe5 6. Bc4 Nf6 7. d3 Bg4 8. Qg3 Nc6 9. c3 Qd7 10. Nf3 O-O-O 11. Ng5 h6 12. Nxf7 Nxe4 13. Nxe5 Nxe5 14. Qxe5 Bf2+ 15. Kf1 Be2+ 16. Kxe2 Qg4+ 0-1

[Event "V Floripa Chess Open 2019"]
[Site "Florianopolis/SC"]
[Date "2019.01.26"]
[Round "8.132"]
[White "De Souza, Lucio Teixeira"]
[Black "Torella, Rodolfo"]
[Result "1/2-1/2"]
[WhiteElo "1626"]
[BlackElo "2054"]
[PlyCount "100"]
[EventDate "2019.01.21"]
[EventRounds "10"]
[EventCountry "BRA"]

1. e4 g6 2. d4 Bg7 3. Nc3 d6 4. Nf3 Nc6 5. Be3 Nf6 6. h3 a6 7. Qd2 b5 8. a3 O-O 9. Bh6 e5 10. Bxg7 Kxg7 11. dxe5 dxe5 12. Qxd8 Rxd8 13. Bd3 h6 14. O-O Be6 15. Rfd1 Nh5 16. Nd5 Rd7 17. c4 bxc4 18. Bxc4 Nf6 19. Nxf6 Rxd1+ 20. Rxd1 Bxc4 21. Ng4 Be2 22. Rc1 Nd4 23. Rxc7 Nxf3+ 24. gxf3 Bxf3 25. Nxe5 Bxe4 26. Rxf7+ Kg8 27. Rf6 a5 28. Rb6 Kg7 29. f3 Bf5 30. h4 a4 31. Kf2 Bc2 32. Nc6 Rc8 33. Nd4 Bd1 34. b4 axb3 35. Nxb3 Ra8 36. Nd2 Rxa3 37. Rb7+ Kf6 38. Rd7 Bc2 39. Kg3 Ra4 40. Rc7 Bf5 41. Rc6+ Ke5 42. Rb6 h5 43. Rb5+ Kd4 44. Ne4 Bxe4 45. fxe4 Kxe4 46. Rg5 Ra3+ 47. Kf2 Ra6 48. Kg3 Ra3+ 49. Kg2 Ra6 50. Kg3 Rd6 1/2-1/2

[Event "V Floripa Chess Open 2019"]
[Site "Florianopolis/SC"]
[Date "2019.01.26"]
[Round "8.133"]
[White "Souza, Neurismar Da Rocha"]
[Black "Mendes, Rodrigo Machado"]
[Result "0-1"]
[WhiteElo "1612"]
[BlackElo "1956"]
[PlyCount "123"]
[EventDate "2019.01.21"]
[EventRounds "10"]
[EventCountry "BRA"]

1. e4 e6 2. d4 d5 3. e5 c5 4. c3 Nc6 5. Nf3 Bd7 6. Bd3 Rc8 7. O-O cxd4 8. cxd4 Nb4 9. Nc3 Nxd3 10. Qxd3 a6 11. a3 h6 12. Re1 Ne7 13. Nh4 Nc6 14. g3 Be7 15. Nf3 O-O 16. Ne2 Na5 17. a4 Qb6 18. Nh4 Qb3 19. Nc3 Qc4 20. Qxc4 Rxc4 21. Nf3 Nb3 22. Ra2 Nxd4 23. Nxd4 Rxd4 24. Be3 Rc4 25. Rd1 Rfc8 26. Rd3 f6 27. Bd4 f5 28. b3 R4c6 29. f4 Bc5 30. Ne2 Bb4 31. h4 Rc2 32. Rxc2 Rxc2 33. Kf2 Be8 34. Bc3 Bc5+ 35. Ke1 Bh5 36. Rd2 Rxd2 37. Bxd2 Bxe2 38. Kxe2 h5 39. b4 Bg1 40. Be3 Bxe3 41. Kxe3 Kf7 42. Kd4 Ke7 43. a5 Kd7 44. Kc5 Kc7 45. b5 axb5 46. Kxb5 Kb8 47. Kc5 Kc7 48. Kb5 d4 49. Kc4 Kc6 50. Kxd4 Kb5 51. Kc3 Kxa5 52. Kb3 b5 53. Ka3 b4+ 54. Kb3 Kb5 55. Kb2 Kc4 56. Kc2 b3+ 57. Kb2 Kb4 58. Kb1 Kc3 59. Kc1 b2+ 60. Kb1 Kb3 61. g4 hxg4 62. h5 0-1

[Event "V Floripa Chess Open 2019"]
[Site "Florianopolis/SC"]
[Date "2019.01.26"]
[Round "8.134"]
[White "Ribeiro, Regina"]
[Black "Leffeck, Mateus Bernal"]
[Result "0-1"]
[WhiteElo "1936"]
[BlackElo "1604"]
[PlyCount "44"]
[EventDate "2019.01.21"]
[EventRounds "10"]
[EventCountry "BRA"]

1. Nf3 Nf6 2. d4 d5 3. g3 g6 4. Bg2 Bg7 5. c4 e6 6. Nc3 O-O 7. O-O Nbd7 8. b3 c6 9. Qc2 b6 10. Rd1 Ba6 11. Ne5 Rc8 12. f4 Qe7 13. Qd2 Nxe5 14. dxe5 Nd7 15. Bb2 Rfd8 16. cxd5 cxd5 17. Rac1 f5 18. Na4 Nc5 19. Ba3 Bf8 20. Qb2 Nxa4 21. Bxe7 Nxb2 22. Rxc8 Rxc8 0-1

[Event "V Floripa Chess Open 2019"]
[Site "Florianopolis/SC"]
[Date "2019.01.26"]
[Round "8.135"]
[White "Zampier, Alexandre"]
[Black "Reinaldo Dos Santos, Julio"]
[Result "0-1"]
[WhiteElo "1610"]
[BlackElo "1922"]
[PlyCount "155"]
[EventDate "2019.01.21"]
[EventRounds "10"]
[EventCountry "BRA"]

1. b4 Nf6 2. Bb2 c6 3. e3 d5 4. Nf3 Bg4 5. Be2 Nbd7 6. O-O e6 7. a3 Bd6 8. d3 Qc7 9. Nbd2 O-O 10. Rc1 a5 11. c3 h6 12. d4 b5 13. h3 Bf5 14. Re1 a4 15. c4 bxc4 16. Bxc4 Ne4 17. Nxe4 Bxe4 18. Bd3 Bxd3 19. Qxd3 Qb7 20. e4 Bf4 21. Rc2 Nb6 22. g3 Bg5 23. Nxg5 hxg5 24. e5 Nc4 25. Bc1 Qe7 26. Qf3 Rae8 27. Rc3 f6 28. exf6 gxf6 29. h4 gxh4 30. Qg4+ Qg7 31. Qxh4 Qh7 32. Qxh7+ Kxh7 33. Kg2 Kg6 34. Rh1 Rh8 35. Re1 e5 36. dxe5 fxe5 37. f3 Re6 38. g4 Rhe8 39. Kf2 Nb6 40. f4 exf4 41. Rxe6+ Rxe6 42. Bxf4 Nd7 43. Kg3 Nf6 44. Kf3 Ne4 45. Rc2 Ng5+ 46. Kg3 d4 47. Bxg5 Kxg5 48. Rc5+ Kf6 49. Rf5+ Kg6 50. Rf3 Kg5 51. Rf5+ Kg6 52. Rf2 Re3+ 53. Kf4 Rxa3 54. Rd2 d3 55. Ke5 Kg5 56. Kd6 Rc3 57. Ke5 Kxg4 58. Kd4 Rb3 59. Kc5 Kf3 60. Kd4 Rxb4+ 61. Kxd3 a3 62. Ra2 Ra4 63. Kc3 Ke3 64. Kc2 Kd4 65. Kb3 Ra8 66. Rd2+ Ke3 67. Ra2 Kd3 68. Kb4 Kd4 69. Kb3 Kc5 70. Rc2+ Kb5 71. Ka2 c5 72. Rc3 c4 73. Rc2 Kb4 74. Rc1 c3 75. Kb1 Kb3 76. Ka1 c2 77. Re1 Rc8 78. Rc1 0-1

[Event "V Floripa Chess Open 2019"]
[Site "Florianopolis/SC"]
[Date "2019.01.26"]
[Round "8.136"]
[White "Torres, Eduardo Lisboa"]
[Black "De Oliveira, Luca Manoel"]
[Result "1/2-1/2"]
[WhiteElo "1905"]
[BlackElo "1593"]
[PlyCount "68"]
[EventDate "2019.01.21"]
[EventRounds "10"]
[EventCountry "BRA"]

1. d4 Nf6 2. c4 e6 3. Nc3 Bb4 4. e3 c5 5. a3 cxd4 6. exd4 Bxc3+ 7. bxc3 O-O 8. Bg5 h6 9. Bh4 d5 10. Qf3 Nbd7 11. cxd5 exd5 12. Bd3 Qa5 13. Ne2 Re8 14. O-O Ne4 15. Rfe1 Nb6 16. Ng3 Nd6 17. Be7 Nbc4 18. Nh5 Ne4 19. Bb4 Qc7 20. Bxe4 dxe4 21. Rxe4 Be6 22. Rg4 Bxg4 23. Qxg4 g5 24. Nf6+ Kg7 25. Nxe8+ Rxe8 26. h4 f6 27. hxg5 hxg5 28. d5 a5 29. d6 Nxd6 30. Bxd6 Qxd6 31. Rd1 Qxa3 32. Rd7+ Re7 33. Qe6 Rxd7 34. Qxd7+ Kg6 1/2-1/2

[Event "V Floripa Chess Open 2019"]
[Site "Florianopolis/SC"]
[Date "2019.01.26"]
[Round "8.137"]
[White "Betti, Dulcineia"]
[Black "Etchevest, Marcelo"]
[Result "0-1"]
[WhiteElo "1588"]
[BlackElo "1860"]
[PlyCount "75"]
[EventDate "2019.01.21"]
[EventRounds "10"]
[EventCountry "BRA"]

1. e4 d5 2. exd5 Nf6 3. Bb5+ Nbd7 4. Nc3 a6 5. Ba4 b5 6. Bb3 Nb6 7. Nf3 Bb7 8. d3 Nbxd5 9. Nxd5 Nxd5 10. Ne5 e6 11. Qf3 Qf6 12. Qxf6 gxf6 13. Ng4 Bg7 14. f3 f5 15. Nf2 O-O-O 16. Rb1 Rhg8 17. O-O Bd4 18. c3 Ne3 19. Bxe3 Bxe3 20. Kh1 h5 21. Rbe1 f4 22. d4 Rg7 23. Nd1 Bc1 24. Nf2 Bxb2 25. Nh3 Bxc3 26. Rc1 Bxd4 27. Nxf4 Be3 28. Bxe6+ Kb8 29. Rcd1 Rxd1 30. Rxd1 Bxf4 31. Rd8+ Ka7 32. Rd7 Bc6 33. Re7 Bd6 34. Rxf7 Rxf7 35. Bxf7 h4 36. Be6 Kb6 37. Kg1 Kc5 38. Kf2 0-1

[Event "V Floripa Chess Open 2019"]
[Site "Florianopolis/SC"]
[Date "2019.01.26"]
[Round "8.138"]
[White "Quaresma, Givanildo Ribeiro"]
[Black "De Haro, Martim Afonso Palma"]
[Result "1-0"]
[WhiteElo "1586"]
[BlackElo "1837"]
[PlyCount "103"]
[EventDate "2019.01.21"]
[EventRounds "10"]
[EventCountry "BRA"]

1. e4 e5 2. Nf3 Nf6 3. Nc3 Bb4 4. Bc4 Nc6 5. a3 Bxc3 6. dxc3 d6 7. Qd3 Ne7 8. Bg5 Ng6 9. O-O-O h6 10. Be3 Nh5 11. Kb1 Nhf4 12. Qf1 Qf6 13. Bb5+ c6 14. Bc4 Bg4 15. h3 Bxf3 16. gxf3 O-O 17. Qg1 Rfd8 18. Qg4 d5 19. Ba2 d4 20. cxd4 exd4 21. Bd2 c5 22. Bc4 a6 23. Rhe1 Ne5 24. Qxf4 Qxf4 25. Bxf4 Nxc4 26. Rg1 Kh7 27. h4 Rd7 28. Ka2 Re8 29. Rg3 Re6 30. h5 Nd6 31. Rdg1 Ne8 32. Bd2 Re5 33. Rh3 Nf6 34. Rgh1 Kg8 35. Bf4 Re8 36. Rg1 Kf8 37. Bd2 Re5 38. Rgh1 b5 39. Bf4 Re6 40. Rg1 Rb7 41. e5 Nd5 42. Bh2 Nc7 43. f4 b4 44. a4 a5 45. f5 Rc6 46. Rhg3 Ne8 47. Rd3 Nc7 48. Bf4 Nd5 49. Bd2 Ne7 50. f6 gxf6 51. Bxh6+ Ke8 52. Bg7 1-0

[Event "V Floripa Chess Open 2019"]
[Site "Florianopolis/SC"]
[Date "2019.01.26"]
[Round "8.141"]
[White "Colaco, Willian Wagner Soar"]
[Black "Reis, Virginia Lagrange M"]
[Result "1-0"]
[WhiteElo "1561"]
[BlackElo "1788"]
[PlyCount "89"]
[EventDate "2019.01.21"]
[EventRounds "10"]
[EventCountry "BRA"]

1. d4 Nf6 2. Nf3 c5 3. c3 e6 4. Bg5 d5 5. e3 Nc6 6. Nbd2 Bd6 7. Bd3 h6 8. Bh4 O-O 9. O-O e5 10. dxe5 Nxe5 11. Nxe5 Bxe5 12. Bg3 Bxg3 13. hxg3 Bg4 14. Qc2 Qd7 15. Nf3 Rfe8 16. Rad1 Bxf3 17. gxf3 Re5 18. Kg2 Rh5 19. Rh1 Rxh1 20. Rxh1 Re8 21. b3 Qc6 22. a4 a6 23. Rh4 Re5 24. c4 dxc4 25. Qxc4 Qd7 26. Qf4 Qe7 27. Rh1 Nd5 28. Qg4 Nf6 29. Qc8+ Ne8 30. Be4 Rxe4 31. fxe4 Qxe4+ 32. Kh2 Qe7 33. Rd1 Kh7 34. Qf5+ g6 35. Qd7 Qf6 36. Kg2 Ng7 37. Qxb7 Ne6 38. Rd7 Ng5 39. Qd5 h5 40. Rd6 Qe7 41. Rxa6 Kh6 42. f4 Nh7 43. e4 Nf6 44. Qg5+ Kg7 45. Qxf6+ 1-0

[Event "V Floripa Chess Open 2019"]
[Site "Florianopolis/SC"]
[Date "2019.01.26"]
[Round "8.142"]
[White "Gomes, Carlos Henrique Cal"]
[Black "Caporale, Giuseppe Guido"]
[Result "1-0"]
[WhiteElo "1783"]
[BlackElo "1592"]
[PlyCount "45"]
[EventDate "2019.01.21"]
[EventRounds "10"]
[EventCountry "BRA"]

1. d4 Nf6 2. c4 c5 3. d5 b5 4. cxb5 a6 5. b6 e6 6. Nc3 Qxb6 7. e4 Bb7 8. g3 Be7 9. Bg2 e5 10. Nge2 O-O 11. O-O d6 12. Qc2 Nfd7 13. Bh3 Bc8 14. Be3 a5 15. f4 Bf6 16. f5 Ba6 17. g4 Qd8 18. Qd2 h6 19. Rf2 Nb6 20. b3 Kh7 21. Ng3 Bg5 22. Bf1 Bxe3 23. Qxe3 1-0

[Event "V Floripa Chess Open 2019"]
[Site "Florianopolis/SC"]
[Date "2019.01.26"]
[Round "8.143"]
[White "Girona, Martin"]
[Black "Rocancourt Moreira, Mauricio"]
[Result "0-1"]
[WhiteElo "1548"]
[BlackElo "1777"]
[PlyCount "97"]
[EventDate "2019.01.21"]
[EventRounds "10"]
[EventCountry "BRA"]

1. d4 Nf6 2. Bg5 d5 3. Bxf6 exf6 4. e3 Be6 5. g3 Bd6 6. Bg2 f5 7. Ne2 c6 8. O-O Nd7 9. Nd2 Nf6 10. b3 Ne4 11. f3 Nxd2 12. Qxd2 O-O 13. Qd3 Re8 14. Nc3 Qd7 15. f4 Rad8 16. Nb1 c5 17. Nd2 b6 18. Rfe1 b5 19. dxc5 Bxc5 20. Nf3 f6 21. Rad1 a6 22. Nd4 Kh8 23. Ra1 Bf7 24. Qxf5 Qd6 25. Qd3 Qb6 26. Kh1 Re7 27. c3 Rde8 28. b4 Bxd4 29. cxd4 Rc7 30. Bh3 Rc4 31. Qd2 Bh5 32. Rac1 Bf3+ 33. Kg1 Qc6 34. Rxc4 bxc4 35. Qc3 Be4 36. Bg2 Bd3 37. Bf1 Bf5 38. Kf2 Qb5 39. Ra1 Rb8 40. a3 Qe8 41. h4 Qh5 42. Be2 Qg6 43. Bf3 Rd8 44. h5 Qe8 45. b5 axb5 46. a4 Be6 47. f5 Bf7 48. e4 dxe4 49. Bxe4 0-1

[Event "V Floripa Chess Open 2019"]
[Site "Florianopolis/SC"]
[Date "2019.01.26"]
[Round "8.144"]
[White "Brasileiro, Antonio Carlos"]
[Black "Jodorcovsky, Alejandro David"]
[Result "0-1"]
[WhiteElo "1766"]
[BlackElo "1577"]
[PlyCount "50"]
[EventDate "2019.01.21"]
[EventRounds "10"]
[EventCountry "BRA"]

1. d4 f5 2. c4 Nf6 3. Nc3 d6 4. Nf3 Nc6 5. Bf4 g6 6. e3 Bg7 7. d5 Nb8 8. h3 a5 9. Bd3 Na6 10. O-O O-O 11. Rb1 Bd7 12. Re1 Nc5 13. Qc2 e5 14. dxe6 Bxe6 15. b3 h6 16. Nh2 Kh8 17. e4 Nxd3 18. Qxd3 fxe4 19. Nxe4 Nxe4 20. Qxe4 Bf5 21. Qxb7 Bxb1 22. Rxb1 Re8 23. Rd1 Qe7 24. Bg3 a4 25. Rc1 Qd7 0-1

[Event "V Floripa Chess Open 2019"]
[Site "Florianopolis/SC"]
[Date "2019.01.26"]
[Round "8.145"]
[White "De Oliveira, John Richard Aparec"]
[Black "Pereira, Armando Scharlau"]
[Result "1-0"]
[WhiteElo "1515"]
[BlackElo "1760"]
[PlyCount "91"]
[EventDate "2019.01.21"]
[EventRounds "10"]
[EventCountry "BRA"]

1. g3 d5 2. Bg2 e5 3. c4 Nf6 4. cxd5 Nxd5 5. Qb3 Nb6 6. Qb5+ N8d7 7. Nf3 Bd6 8. O-O O-O 9. d3 c6 10. Qb3 Nc5 11. Qc2 Qe7 12. Bg5 f6 13. Be3 Nd5 14. a3 Nxe3 15. fxe3 Be6 16. Nfd2 Rad8 17. b4 Nd7 18. Ne4 c5 19. b5 b6 20. Nbd2 Bc7 21. Nc3 Qf7 22. Qa4 Bb8 23. e4 Rfe8 24. Nd5 Nf8 25. Ne3 Qd7 26. Ndc4 Kh8 27. Qb3 Qd4 28. Qc2 Bxc4 29. Qxc4 Qxe3+ 30. Rf2 Ne6 31. Raf1 Rd4 32. Qa2 Bc7 33. Kh1 Red8 34. Bh3 R4d6 35. Bxe6 Rxe6 36. Rf3 Qd4 37. g4 g5 38. h4 h6 39. hxg5 hxg5 40. Rh3+ Kg7 41. Kg2 Kf7 42. Rh7+ Ke8 43. Rfh1 Re7 44. Qg8+ Kd7 45. Rxe7+ Kxe7 46. Rh7+ 1-0

[Event "V Floripa Chess Open 2019"]
[Site "Florianopolis/SC"]
[Date "2019.01.26"]
[Round "8.146"]
[White "Takehara, Alan Keissuke"]
[Black "Gomes, Carlos"]
[Result "1-0"]
[WhiteElo "1758"]
[BlackElo "1562"]
[PlyCount "38"]
[EventDate "2019.01.21"]
[EventRounds "10"]
[EventCountry "BRA"]

1. d4 Nf6 2. c4 e6 3. Nc3 d5 4. Bg5 Nbd7 5. e3 Be7 6. Nf3 c6 7. Qc2 Qc7 8. O-O-O h6 9. Bh4 g5 10. Bg3 Bd6 11. e4 dxe4 12. Nxe4 Nxe4 13. Qxe4 Nf6 14. Qc2 Bxg3 15. hxg3 g4 16. Ne5 c5 17. Qd2 Nd7 18. Rxh6 Rxh6 19. Qxh6 cxd4 1-0

[Event "V Floripa Chess Open 2019"]
[Site "Florianopolis/SC"]
[Date "2019.01.26"]
[Round "8.147"]
[White "Peroza, Eduardo Antunes"]
[Black "Belmonte, Dulce"]
[Result "1/2-1/2"]
[WhiteElo "1745"]
[BlackElo "1570"]
[PlyCount "40"]
[EventDate "2019.01.21"]
[EventRounds "10"]
[EventCountry "BRA"]

1. e4 e5 2. Nc3 Nf6 3. Bc4 Bc5 4. d3 c6 5. Qf3 d6 6. h3 Be6 7. Bg5 Nbd7 8. Nge2 Qe7 9. Ng3 h6 10. Be3 O-O-O 11. O-O-O Nb6 12. Nf5 Bxf5 13. exf5 Kb8 14. Bxc5 dxc5 15. Bb3 Nfd7 16. Rhf1 f6 17. Rd2 Nc8 18. Nd1 Nd6 19. Qg4 Nb6 20. Ne3 Qd7 1/2-1/2

[Event "V Floripa Chess Open 2019"]
[Site "Florianopolis/SC"]
[Date "2019.01.26"]
[Round "8.149"]
[White "De Souza, Diego Pereira"]
[Black "Stasaitits, Tiago"]
[Result "0-1"]
[WhiteElo "1723"]
[BlackElo "1528"]
[PlyCount "89"]
[EventDate "2019.01.21"]
[EventRounds "10"]
[EventCountry "BRA"]

1. e4 e5 2. Nf3 Nc6 3. d4 exd4 4. Nxd4 Bc5 5. Nb3 Bb6 6. Nc3 d6 7. Qe2 Be6 8. f3 Nge7 9. Be3 Ng6 10. O-O-O Qe7 11. h3 Bxb3 12. axb3 O-O-O 13. Kb1 Qe5 14. Nd5 Bxe3 15. Qxe3 Kb8 16. b4 Nce7 17. b5 Nf5 18. exf5 Qxe3 19. Nxe3 Ne5 20. Nc4 Nd7 21. Bd3 f6 22. Rhe1 Rhe8 23. Be4 Nb6 24. Nxb6 axb6 25. Bd5 Re5 26. Rxe5 dxe5 27. Kc1 Rd6 28. Be4 Kc8 29. Rxd6 cxd6 30. Kd2 Kd7 31. Kc3 Ke7 32. Kc4 Kf7 33. Bxb7 g6 34. fxg6+ hxg6 35. Kd5 Ke7 36. Bc6 f5 37. g3 g5 38. g4 e4 39. Kd4 exf3 40. Bxf3 f4 41. Kd5 Kd7 42. c4 Ke7 43. Kc6 Ke6 44. Kxb6 Kd7 45. Ka7 0-1

[Event "V Floripa Chess Open 2019"]
[Site "Florianopolis/SC"]
[Date "2019.01.26"]
[Round "8.150"]
[White "Brandt, Ladir Albano Becker"]
[Black "Dias Filho, Pedro Stein"]
[Result "1/2-1/2"]
[WhiteElo "1710"]
[BlackElo "1507"]
[PlyCount "42"]
[EventDate "2019.01.21"]
[EventRounds "10"]
[EventCountry "BRA"]

1. c4 Nf6 2. Nf3 g6 3. g3 Bg7 4. Bg2 O-O 5. O-O d6 6. Nc3 Nc6 7. d3 e5 8. Rb1 a5 9. a3 Nd7 10. Nd5 Ne7 11. Bg5 f6 12. Nxe7+ Qxe7 13. Bd2 a4 14. Bb4 Nc5 15. Bxc5 dxc5 16. Nd2 f5 17. b4 axb3 18. Rxb3 Ra7 19. a4 b6 20. Ra3 Bb7 21. Bxb7 Rxb7 1/2-1/2